principios de Urbanidad
Gespeichert in:
| 1. Verfasser: | |
|---|---|
| Format: | Buch |
| Erschienen: |
Barcelona- España
por N Gomez
1851
|
| Katalog: | MANES: Suchergebnis im Bibliothekskatalog |
| Schulbuchspezifische Eigenschaften: |
|
| Tags: |
Tag hinzufügen
Keine Tags, Fügen Sie den ersten Tag hinzu!
|
| Geändert in: | 07.05.2025 |
MARC
| LEADER | 00000nam a2200000 4500 | ||
|---|---|---|---|
| 005 | 20250507125453.0 | ||
| 008 | Spa | ||
| 040 | |a Centro_Manes |c Manuales Escolares U. Atlántico | ||
| 100 | |9 11347 |a Castillo, Pío del |b Autor, Licenciado | ||
| 245 | |a principios de Urbanidad | ||
| 260 | |a Barcelona- España |b por N Gomez |c 1851 | ||
| 300 | |a 32.p |c 27x31cm | ||
| 500 | |a Este texto hace referencia a los principios de igualdad que debe tener la sociedad. que se tiene que tener principios de moral y de buena educación. es un texto tan interesante, en el se expresa la manera en la cual se trataba a la sociedad del siglo XIX de hecho el texto esta en formato de fotocopia pero aun asi puede ser consultado en el laboratorio de Historia de la Universidad del Atlántico. | ||
| 546 | |a Colombia | ||
| 561 | |5 co-CDME |a Colombia. Universidad del Atlántico |k MANES | ||
| 690 | |a ECS | ||
| 691 | 0 | |a SE | |
| 942 | |2 ddc |c BK | ||
| 999 | |c 55729 |d 55729 | ||
| 999 | |c manes:55729 |d 55729 | ||